TRRL report. (Record no. 542801)

000 -LEADER
fixed length control field 00604cas a2200169 a 4500
082 ## - DEWEY DECIMAL CLASSIFICATION NUMBER
Classification number 41979
Author Mark WAT
-- D
245 00 - TITLE STATEMENT
Title TRRL report.
260 ## - PUBLICATION, DISTRIBUTION, ETC.
Place of publication, distribution, etc. Crowthorne, Berkshire :
Name of publisher, distributor, etc. Transport and Road Research Laboratory, Dept. of the Environment,
Date of publication, distribution, etc. 1972-
300 ## - PHYSICAL DESCRIPTION
Extent v. :
Other physical details ill. ;
Dimensions 30 cm.
520 ## - SUMMARY, ETC.
Summary, etc. Includes addenda to some nos. of the earlier title.
526 ## - STUDY PROGRAM INFORMATION NOTE
Program name 0
Interest level 0
Reading level 0
Title point value 41979_000000000000000_WAT
650 #0 - SUBJECT ADDED ENTRY--TOPICAL TERM
Topical term or geographic name entry element Highway engineering.
650 #0 - SUBJECT ADDED ENTRY--TOPICAL TERM
Topical term or geographic name entry element Road materials.
9 (RLIN) 21188
650 #0 - SUBJECT ADDED ENTRY--TOPICAL TERM
Topical term or geographic name entry element Roads
General subdivision Design and construction.
9 (RLIN) 19562
710 2# - ADDED ENTRY--CORPORATE NAME
Corporate name or jurisdiction name as entry element Transport and Road Research Laboratory.
9 (RLIN) 38147
942 ## - ADDED ENTRY ELEMENTS (KOHA)
Source of classification or shelving scheme
Koha item type Book
Holdings
Withdrawn status Lost status Source of classification or shelving scheme Damaged status Not for loan Permanent Location Current Location Date acquired Total Checkouts Full call number Barcode Date last seen Price effective from Koha item type
          Military College of Engineering (MCE) Military College of Engineering (MCE) 02/18/2014   41979 WAT MCE-41979 02/18/2014 02/18/2014 Book
© 2023 Central Library, National University of Sciences and Technology. All Rights Reserved.